00960nam a2200217 a 4500003000200000005001700002008004100019050003100060100002100091245015200112260009200264300004000356504004100396650002700437650002800464650005000492650002900542942001400571999001700585952014000602020250328142027.0050809s19uu xx 00 eng d aPGS HQ 801.P47b.D117 2005 aDacayan, Kara S. aPerception of grade six students on having early teen opposite sex relationship in Southville International School and Colleges /cKara S. Dacayan. aLas Piñas City, Philippines : bSouthville International School and Colleges,c2005. a25 pages :billustrations ;c28 cm. aIncludes bibliographical references. aAdolescent psychology. aTeenage relationships  aInterpersonal relationships in adolescence.  aDating (Social customs). 2lcccPASS c97352d97352 00102lcc40aLUXbLUXcPASSd2005-08-09eDONATIONl0m0n2014oPGS HQ 801.P47 .D117 2005pP1386r2014-04-08 00:00:00s2014-04-08yPASS